| 000 | 00630nam a22001937a 4500 | ||
|---|---|---|---|
| 003 | OSt | ||
| 005 | 20240719043442.0 | ||
| 008 | 240719b |||||||| |||| 00| 0 eng d | ||
| 020 | _a0-582-28234 | ||
| 040 |
_aDWC- Main Lib _cOC |
||
| 082 | _aRes. 370.1 B655t 1964 | ||
| 100 | _aKrathwohl , David R. | ||
| 245 |
_aTaxonomy of educational objectives: _bbook 2 effective domain/ _cDavid R. Krathwohl . |
||
| 260 |
_aNY : _bLongmans, _cc1964. |
||
| 300 |
_avii , 196 pages : _billustrations ; _c21cm. |
||
| 504 | _aIncludes bibliographical references. | ||
| 650 | _a1. Education- Aims and objectives | ||
| 942 |
_2ddc _cBK-0 CIRC _n1 |
||
| 999 |
_c2430 _d2430 |
||